000
00276nam a2200109 a 4500
005
20141022141959.0
008
120306s19uu xx 00 eng d
050
_a
CD
_b
Ab8 1997
245
_a
Michael Abrash's graphics programming black book.
260
_c
1997.
942
_c
AVM
999
_c
276135
_d
276135